Georges Washington y la rebelión del whisky /
Guardado en:
| Autor Principal: | |
|---|---|
| Formato: | |
| Series: | Biografías
|
| Materias: | |
| Etiquetas: |
Agregar Etiqueta
Sin Etiquetas, Sea el primero en etiquetar este registro!
|
| LEADER | 00925ngm a22002415g 4500 | ||
|---|---|---|---|
| 001 | CEM.cems021861 | ||
| 008 | 130507b1993##################0###0#####d | ||
| 005 | 20240918144927.0 | ||
| 245 | 1 | 0 | |a Georges Washington y la rebelión del whisky / |c Francisco William. |
| 300 | |a 27 | ||
| 490 | 0 | |a Biografías | |
| 500 | |a En soporte VHS, consultar en ventanilla. | ||
| 505 | 0 | |a Crisis constitucional de 1791. El impuesto al whisky. Biografía novelada. Solución a la crisis del presidente G. Washington. La insurrección de los condados de Pennsylvania. | |
| 538 | |a Soporte: VHS - Norma: Pal N - Color - Grabación DRD 1993 - Hitachi=5159 | ||
| 100 | 1 | |a William, Francisco | |
| 082 | 9 | 2 | |/ BIO-1 |
| 653 | |a HISTORIA | ||
| 653 | |a BIOGRAFIAS | ||
| 653 | |a WASHINTONG, GEORGES | ||
| 653 | |a EEUU | ||
| 653 | |a EEUU-HISTORIA | ||
| 653 | |a NIVEL SECUNDARIO | ||
| 859 | |a CEMS |b BIB. CEMS - Depto. Recursos Didacticos |h 920 |i BIO-1 |k DRD |p 504.12 |t Ej.1 | ||
